000 01406cam a2200313 a 4500
999 _c128616
_d128616
001 4490667
005 20181122084115.0
008 970915r19971986nyua 000 0 eng
010 _a 97035403
020 _a0684845776 (pbk.)
040 _aDLC
_cDLC
_dDLC
050 0 0 _aBF637.S8
_bR632
082 0 0 _a158.1
_221
100 1 _aRobbins, Anthony.
_943561
245 1 0 _aUnlimited power :
_bthe new science of personal achievement /
_cAnthony Robbins.
250 _a1st Fireside ed.
260 _aNew York :
_bSimon & Schuster,
_c1997.
300 _axix, 425 p. :
_bill. ;
_c22 cm.
500 _aOriginally published: 1986.
650 0 _aSuccess
_xPsychological aspects.
_913452
650 0 _aNeurolinguistic programming
_vPopular works.
_943562
856 4 2 _3Contributor biographical information
_uhttp://www.loc.gov/catdir/bios/simon051/97035403.html
856 4 2 _3Publisher description
_uhttp://www.loc.gov/catdir/description/simon033/97035403.html
856 4 1 _3Table of contents only
_uhttp://www.loc.gov/catdir/enhancements/fy0630/97035403-t.html
856 4 1 _3Sample text
_uhttp://www.loc.gov/catdir/enhancements/fy0640/97035403-s.html
906 _a7
_bcbc
_corignew
_d1
_eocip
_f19
_gy-gencatlg
942 _2lcc
_cMONOGRAPH